| 000 | 00611nam a22002057a 4500 | ||
|---|---|---|---|
| 999 |
_c17263 _d17263 |
||
| 003 | AR-CdUCM | ||
| 008 | 190503b ||||| |||| 00| 0 spa d | ||
| 020 | _a84-7290-023-1 | ||
| 040 |
_aMUNICIPALIDAD PROVINCIAL DEL CUSCO _cBIBLIOTECA MUNICIPAL DEL CUSCO |
||
| 082 |
_a573 / _bW66 |
||
| 100 |
_aWinick, Charles _937156 |
||
| 245 | _aDiccionario de antropología / | ||
| 260 |
_aBuenos Aires : _bTroquel, _c1969. |
||
| 300 |
_a647 paginas ; _c23 cm. |
||
| 505 | _aContenido : Diccionario | ||
| 650 |
_aDiccionario _95196 |
||
| 650 |
_aAntropología _9878 |
||
| 942 |
_2ddc _cLIBROS |
||
| 945 |
_apjha _d2019-05-07 |
||